Sports Quiz

Random Sports Quiz

2017-18 Albanian Football Teams Quiz Stats

 Plays Quiz not verified by Sporcle

Challenge
Share
Tweet
Embed
Score 0/30 Timer 05:00
0 Plays Today
Hint Answer % Correct
Kategoria e Parë Group AKF Tirana
88.8%
Kategoria SuperioreSkënderbeu
86.3%
Kategoria SuperioreFlamurtari
75%
Kategoria SuperioreKukësi
70%
Kategoria SuperiorePartizani Tirana
70%
Kategoria SuperioreTeuta
67.5%
Kategoria SuperioreVllaznia
63.8%
Kategoria e Parë Group AVllaznia B
63.8%
Kategoria e Parë Group BDinamo Tirana
63.8%
Kategoria SuperioreLaçi
62.5%
Kategoria SuperioreKamza
57.5%
Kategoria SuperioreLuftëtari
57.5%
Kategoria e Parë Group BBylis Ballsh
55%
Kategoria SuperioreLushnja
50%
Kategoria e Parë Group BApolonia Fier
48.8%
Hint Answer % Correct
Kategoria e Parë Group ABesa Kavajë
47.5%
Kategoria e Parë Group AKastrioti
46.3%
Kategoria e Parë Group ATërbuni
43.8%
Kategoria e Parë Group ABesëlidhja
42.5%
Kategoria e Parë Group AKorabi
40%
Kategoria e Parë Group BNaftëtari
37.5%
Kategoria e Parë Group ABurreli
36.3%
Kategoria e Parë Group BPogradeci
35%
Kategoria e Parë Group BShënkolli
35%
Kategoria e Parë Group AErzeni
31.3%
Kategoria e Parë Group AEgnatia
28.8%
Kategoria e Parë Group BIliria
25%
Kategoria e Parë Group BShkumbini
25%
Kategoria e Parë Group BTurbina
25%
Kategoria e Parë Group BTomori
23.8%

You're not logged in!

Compare scores with friends on all Sporcle quizzes.
Join for Free
OR
Log In

You Might Also Like...

Show Comments

Extras

Top Quizzes Today


Score Distribution

Your Account Isn't Verified!

In order to create a playlist on Sporcle, you need to verify the email address you used during registration. Go to your Sporcle Settings to finish the process.

Report this User

Report this user for behavior that violates our Community Guidelines.

Details: